القياس و التقويم التربوي / (Record no. 110854)

MARC details
000 -الفاتح
عناصر البيانات ثابتة الطول 00819cam a2200229 i 4500
005 - تاريخ ووقت آخر معاملة
حقل ضبط 20260202110640.0
008 - عناصر البيانات ثابتة الطول
عناصر البيانات ثابتة الطول 250721s2008 jo gr 000 0 ara d
020 ## - الترقيم الدولي المعياري للكتب (ردمك)
الترقيم الدولي المعياري للكتب (ردمك) 9789957452360
082 14 - رقم تصنيف ديوي العشري
رقم التصنيف 371.27
رقم المادة غ ر ب
100 1# - مدخل رئيسي – اسم شخصي
الاسم الشخصي أبو غربية، ايمان
علاقة الشخص بالعمل/ دوره مؤلف
245 12 - بيان العنوان
العنوان القياس و التقويم التربوي /
بيان المسؤولية أيمان أبوغريبة.
250 ## - بيان الطبعة
بيان الطبعة الطبعة الأولى.
264 31 - بيانات النشر، التوزيع…إلخ
مكان النشر، التوزيع...إلخ عمان :
اسم الناشر، الموزع...إلخ دار البداية ناشرون وموزعون،
تاريخ النشر، التوزيع...إلخ 2008.
300 ## - الوصف المادي
عدد الوحدات المكونة للوعاء 200 صفحة.
650 17 - مدخل إضافي بالموضوع - مصطلح موضوعي
مصطلح موضوعي أو اسم جغرافي كعنصر مدخل الاداره التربويه.
650 17 - مدخل إضافي بالموضوع - مصطلح موضوعي
مصطلح موضوعي أو اسم جغرافي كعنصر مدخل التعلم.
650 17 - مدخل إضافي بالموضوع - مصطلح موضوعي
مصطلح موضوعي أو اسم جغرافي كعنصر مدخل التدريس.
650 17 - مدخل إضافي بالموضوع - مصطلح موضوعي
مصطلح موضوعي أو اسم جغرافي كعنصر مدخل طرق التدريس.
650 17 - مدخل إضافي بالموضوع - مصطلح موضوعي
مصطلح موضوعي أو اسم جغرافي كعنصر مدخل الاختبارات و القياسات التربويه.
942 ## - بيانات إضافية (كوها)
نوع التنصيف Dewey Decimal Classification
نوع المادة (كوها) Books
Holdings
حالة السحب حالة الفقدان مصدر التصنيف حالة التلف غير قابل للإعارة المكتبة الرئيسية المكتبة الحالية موقع الرف تاريخ التزويد الرقم المتسلسل Total Checkouts رقم الإستدعاء الباركود تاريخ آخر ظهور تاريخ الفاتورة نوع المادة (كوها)
    Dewey Decimal Classification   Not For Loan المكتبة المركزية المكتبة المركزية مقتنيات قسم التزويد 28/07/2025 1160825   371.27/غرب 1160825 28/07/2025 28/07/2025 Books
    Dewey Decimal Classification   Not For Loan المكتبة المركزية المكتبة المركزية مقتنيات قسم التزويد 28/07/2025 1160826   371.27/غرب 1160826 28/07/2025 28/07/2025 Books
    Dewey Decimal Classification   Not For Loan المكتبة المركزية المكتبة المركزية مقتنيات قسم التزويد 28/07/2025 1160828   371.27/غرب 1160828 28/07/2025 28/07/2025 Books
    Dewey Decimal Classification   Not For Loan المكتبة المركزية المكتبة المركزية مقتنيات قسم التزويد 28/07/2025 1160829   371.27/غرب 1160829 28/07/2025 28/07/2025 Books
    Dewey Decimal Classification     المكتبة المركزية المكتبة المركزية الإعارة 28/07/2025 1160821   371.27/غرب 1160821 28/07/2025 28/07/2025 Books
    Dewey Decimal Classification     المكتبة المركزية المكتبة المركزية الإعارة 28/07/2025 1160822   371.27 / غ ر ب 1160822 28/07/2025 28/07/2025 Books
    Dewey Decimal Classification   Not For Loan المكتبة المركزية المكتبة المركزية لا يعار 28/07/2025 1160824   371.27/غرب 1160824 28/07/2025 28/07/2025 Books
    Dewey Decimal Classification     مكتبة أبو علندا العامة مكتبة أبو علندا العامة الإعارة 28/07/2025 1160838   371.27/غرب 1160838 28/07/2025 28/07/2025 Books
    Dewey Decimal Classification     مكتبة أم قصير والمقابلين العامة مكتبة أم قصير والمقابلين العامة الإعارة 28/07/2025 1160837   371.27/غرب 1160837 28/07/2025 28/07/2025 Books
    Dewey Decimal Classification     مكتبة الأميرة ايمان العامة مكتبة الأميرة ايمان العامة الإعارة 28/07/2025 1160830   371.27/غرب 1160830 28/07/2025 28/07/2025 Books
    Dewey Decimal Classification     مكتبة الأميرة سلمى مكتبة الأميرة سلمى الإعارة 03/10/2015 1464917   371.27/غرب PLD00351067 28/07/2025 03/10/2015 Books
    Dewey Decimal Classification     مكتبة الاميرة بديعة مكتبة الاميرة بديعة الإعارة 28/07/2025 1160833   371.27/غرب 1160833 28/07/2025 28/07/2025 Books
    Dewey Decimal Classification     مكتبة الجويدة مكتبة الجويدة الإعارة 28/07/2025 1160834   371.27/غرب 1160834 28/07/2025 28/07/2025 Books
    Dewey Decimal Classification     مكتبة النصر العامة مكتبة النصر العامة الإعارة 28/07/2025 1160840   371.27/غرب 1160840 28/07/2025 28/07/2025 Books
    Dewey Decimal Classification     مكتبة حمزة العامة مكتبة حمزة العامة الإعارة 28/07/2025 1160835   371.27/غرب 1160835 28/07/2025 28/07/2025 Books
    Dewey Decimal Classification     مكتبة صويلح العامة مكتبة صويلح العامة الإعارة 28/07/2025 1160831   371.27/غرب 1160831 28/07/2025 28/07/2025 Books
    Dewey Decimal Classification     مكتبة وادي السير العامة مكتبة وادي السير العامة الإعارة 28/07/2025 1160839   371.27/غرب 1160839 28/07/2025 28/07/2025 Books
Implemented & Customized by: BBB with SCIT (Smart Chains for Information Technology)

Powered by Koha